The dragon and the elephant: agricultural and rural reforms in China and India (Record no. 407417)

000 -LEADER
fixed length control field 00606cam a22001817a 4500
008 - FIXED-LENGTH DATA ELEMENTS--GENERAL INFORMATION
fixed length control field 180718b2007 xxu||||| |||| 00| 0 eng d
020 ## - INTERNATIONAL STANDARD BOOK NUMBER
International Standard Book Number 0195693507
082 ## - DEWEY DECIMAL CLASSIFICATION NUMBER
Classification number T19 G95
245 ## - TITLE STATEMENT
Title The dragon and the elephant: agricultural and rural reforms in China and India
Statement of responsibility, etc. edited by Ashok Gulati and Shenggen Fan
260 ## - PUBLICATION, DISTRIBUTION, ETC.
Place of publication, distribution, etc. New Delhi
Name of publisher, distributor, etc. Oxford Univ. Press
Date of publication, distribution, etc. 2007
300 ## - PHYSICAL DESCRIPTION
Extent 548p.
650 ## - SUBJECT ADDED ENTRY--TOPICAL TERM
Topical term or geographic name entry element Rural development - India
650 ## - SUBJECT ADDED ENTRY--TOPICAL TERM
Topical term or geographic name entry element Agriculture and state - India
650 ## - SUBJECT ADDED ENTRY--TOPICAL TERM
Topical term or geographic name entry element Rural development - China
650 ## - SUBJECT ADDED ENTRY--TOPICAL TERM
Topical term or geographic name entry element Agriculture and state - China
700 ## - ADDED ENTRY--PERSONAL NAME
Personal name Fan, Shenggen
700 ## - ADDED ENTRY--PERSONAL NAME
Personal name Gulati, Ashok
Holdings
Withdrawn status Lost status Damaged status Not for loan Permanent Location Current Location Date acquired Total Checkouts Full call number Barcode Checked out Date last seen Date last checked out Price effective from Koha item type
        Indian Institute of Public Administration Indian Institute of Public Administration 2008-03-27 1 T19 G95 82447 2021-09-08 2021-09-08 2021-09-08 2018-07-21 Book

Powered by Koha